Normal view
MARC view
- Hamende, A. M
Entry Personal Name
001 - CONTROL NUMBER
- control field: 109845
003 - CONTROL NUMBER IDENTIFIER
- control field: NUST
005 - DATE AND TIME OF LATEST TRANSACTION
- control field: 20230306120149.0
008 - FIXED-LENGTH DATA ELEMENTS
- fixed length control field: 230306|| aca||aabn | a|a d
040 ## - CATALOGING SOURCE
- Original cataloging agency: NUST
- Transcribing agency: NUST
100 ## - HEADING--PERSONAL NAME
- Personal name: Hamende, A. M
670 ## - SOURCE DATA FOUND
- Source citation: Work cat.: (NUST)178625: South-South and South-North cooperation in sciences :, c1986.
